[Event "S Wales Winter, Major"]
[Site "Bridgend"]
[Date "2025.01.19"]
[Round "5"]
[Board "4"]
[White "OGorman, Brendan"]
[Black "George, Naveen Daniel"]
[Result "0-1"]
[WhiteElo "1723"]
[BlackElo "1496"]
[PlyCount "98"]
[GameId "2151378276292151"]
[EventDate "2025.01.17"]
[EventType "swiss"]
[EventRounds "5"]
[EventCountry "WLS"]

1. c4 Nf6 2. Nc3 g6 3. e4 d6 4. d4 Bg7 5. h3 O-O 6. Be3 e5 7. d5 Na6 8. Nf3 Nc5 9. Qc2 a5 10. Be2 Ne8 11. g4 f5 12. gxf5 gxf5 13. Nd2 fxe4 14. Bxc5 dxc5 15. O-O-O Bf5 16. Ndxe4 Nd6 17. Bd3 Nxe4 18. Nxe4 b6 19. Rdg1 Bg6 20. h4 Qe8 21. Rg2 Rf4 22. Ng5 e4 23. Be2 e3 24. Bd3 exf2 25. Rxf2 Rxf2 26. Qxf2 Bxd3 27. Ne6 Bh6+ 28. Kd1 Qh5+ 29. Ke1 Bf5 30. Rg1+ Kh8 31. Ng5 Rf8 32. Qf4 Bxg5 33. Rxg5 Qe8+ 34. Kd2 Bg6 35. Qe5+ Qxe5 36. Rxe5 Re8 37. Rg5 Rf8 38. Ke3 Bb1 39. a3 Ba2 40. Rg4 Rg8 41. Rf4 Rg2 42. Rf7 Bxc4 43. Rxc7 Bxd5 44. Rd7 Bg8 45. b4 cxb4 46. axb4 axb4 47. Rd4 b3 48. Rb4 b2 49. Rxb6 Ba2 0-1

[Event "S Wales Winter, Major"]
[Site "Bridgend"]
[Date "2025.01.19"]
[Round "5"]
[Board "5"]
[White "Peters, Chris"]
[Black "Limesdale, Jacob"]
[Result "1-0"]
[WhiteElo "1653"]
[BlackElo "1467"]
[PlyCount "88"]
[GameId "2151380445488710"]
[EventDate "2025.01.17"]
[EventType "swiss"]
[EventRounds "5"]
[EventCountry "WLS"]

{[%evp 0,88,11,22,16,20,20,6,9,-16,0,-13,-13,-12,0,-23,-37,-57,-26,-20,-12,-22,0,-44,-1,-42,-44,-106,-104,-128,-77,-177,-182,-187,-110,-128,-66,-72,-71,-73,280,285,291,230,256,248,241,238,251,231,251,236,268,288,281,266,271,270,297,284,283,291,305,303,320,241,231,223,71,211,218,206,231,224,249,237,252,215,256,97,257,231,388,317,415,277,368,312,336,345,345]} 1. e4 c5 2. Nf3 Nc6 3. Be2 Nf6 4. d3 g6 5. Nc3 Bg7 6. O-O O-O 7. Bg5 d5 8. Qd2 dxe4 9. dxe4 Qxd2 10. Nxd2 Nd4 11. Bd1 h6 12. Be3 Rd8 13. Bxd4 cxd4 14. Na4 b6 15. Rc1 Bd7 16. c4 dxc3 17. Nxc3 Bb5 18. Nxb5 Rxd2 19. e5 Ng4 20. Bxg4 Rxb2 21. Nc7 Rf8 22. Nd5 e6 23. Ne7+ Kh7 24. a4 Bxe5 25. Nc6 Bf4 26. Rb1 Ra2 27. Ra1 Rc2 28. Nxa7 Rd8 29. Nb5 Rdd2 30. Rad1 Rxd1 31. Rxd1 Ra2 32. Nc3 Ra3 33. g3 Be5 34. Ne2 Rxa4 35. Bh3 Ra7 36. Rb1 Rb7 37. Bg2 Rb8 38. Kf1 g5 39. Be4+ f5 40. Bf3 f4 41. gxf4 gxf4 42. Bc6 Bd6 43. Nc3 Bc5 44. Ne4 Bd4 {scoresheets incomplete, white won} 1-0

[Event "S Wales Winter, Major"]
[Site "Bridgend"]
[Date "2025.01.19"]
[Round "5"]
[Board "6"]
[White "Bull, Jack"]
[Black "Anandkumar, Govind"]
[Result "0-1"]
[WhiteElo "1564"]
[BlackElo "1641"]
[PlyCount "52"]
[GameId "2151383941568115"]
[EventDate "2025.01.17"]
[EventType "swiss"]
[EventRounds "5"]
[EventCountry "WLS"]

1. e4 e6 2. Nf3 d5 3. exd5 exd5 4. Qe2+ Be7 5. b3 Nf6 6. Ba3 Nc6 7. Nc3 O-O 8. Bxe7 Nxe7 9. O-O-O Re8 10. d4 Qd6 11. Nb5 Qb6 12. a4 a6 13. Nc3 Bd7 14. Na2 Qd6 15. Kb2 b5 16. Qe5 Qb6 17. axb5 axb5 18. Re1 Qa6 19. Ra1 Qa3+ 20. Kb1 Nc6 21. Qxc7 Nb4 22. Qd6 Nxc2 23. Qxa3 Nxa3+ 24. Kb2 Rec8 25. Nc3 b4 26. Nd1 Rc2# 0-1

[Event "S Wales Winter, Major"]
[Site "Bridgend"]
[Date "2025.01.19"]
[Round "5"]
[Board "7"]
[White "Smith, Andrew R"]
[Black "Richards, Benjamin James"]
[Result "1/2-1/2"]
[WhiteElo "1779"]
[BlackElo "1589"]
[PlyCount "36"]
[GameId "2151384712795777"]
[EventDate "2025.01.17"]
[EventType "swiss"]
[EventRounds "5"]
[EventCountry "WLS"]

1. e4 e6 2. d4 d5 3. exd5 exd5 4. Bd3 Nf6 5. Nf3 Be7 6. O-O O-O 7. h3 Nc6 8. c3 h6 9. Bf4 Bd6 10. Qd2 Bxf4 11. Qxf4 Re8 12. Na3 a6 13. Rfe1 Be6 14. Re2 Qd7 15. Rae1 Re7 16. Ne5 Nxe5 17. Rxe5 Rae8 18. R5e2 c6 1/2-1/2

[Event "S Wales Winter, Major"]
[Site "Bridgend"]
[Date "2025.01.19"]
[Round "5"]
[Board "8"]
[White "Williams, John A"]
[Black "Zhuravlev, Andrei"]
[Result "1/2-1/2"]
[WhiteElo "1611"]
[BlackElo "1548"]
[PlyCount "72"]
[GameId "2151385336080014"]
[EventDate "2025.01.17"]
[EventType "swiss"]
[EventRounds "5"]
[EventCountry "WLS"]

1. d4 d5 2. c4 c6 3. Nf3 Nf6 4. Nc3 Bf5 5. cxd5 Nxd5 6. Qb3 b6 7. e3 e6 8. Be2 Bd6 9. O-O Nd7 10. Re1 Nxc3 11. bxc3 Qc7 12. h3 O-O 13. Nh4 Bg6 14. Nxg6 fxg6 15. Qxe6+ Kh8 16. Qe4 Rf7 17. Bc4 Rf6 18. Qd3 Raf8 19. Rf1 Bh2+ 20. Kh1 Rxf2 21. Ba3 Bd6 22. Bxd6 Qxd6 23. Rxf2 Rxf2 24. Rf1 Rxf1+ 25. Qxf1 b5 26. Bb3 Qe7 27. Qf7 Qxf7 28. Bxf7 Nf6 29. c4 bxc4 30. Bxc4 Nd5 31. Bxd5 cxd5 32. Kh2 Kg8 33. Kg3 Kf7 34. Kf4 Kf6 35. e4 dxe4 36. Kxe4 Ke6 1/2-1/2

[Event "S Wales Winter, Major"]
[Site "Bridgend"]
[Date "2025.01.19"]
[Round "5"]
[Board "10"]
[White "Richards, James"]
[Black "Heatman, Jordan"]
[Result "0-1"]
[WhiteElo "1517"]
[BlackElo "1812"]
[PlyCount "38"]
[GameId "2151388689647341"]
[EventDate "2025.01.17"]
[EventType "swiss"]
[EventRounds "5"]
[EventCountry "WLS"]

1. d4 Nf6 2. Nc3 g6 3. e4 d6 4. Be2 Bg7 5. f4 h5 6. Nf3 O-O 7. h3 c5 8. dxc5 Qa5 9. Bd2 Qxc5 10. e5 dxe5 11. fxe5 Nd5 12. Ne4 Qb6 13. b3 Ne3 14. Bxe3 Qxe3 15. Qd3 Qb6 16. O-O-O Nc6 17. Qc3 Bf5 18. Nc5 Nb4 19. Qc4 Rac8 0-1

[Event "S Wales Winter, Major"]
[Site "Bridgend"]
[Date "2025.01.19"]
[Round "5"]
[Board "11"]
[White "Zheng, Lucas"]
[Black "Forsey, Tomas"]
[Result "1-0"]
[WhiteElo "1506"]
[BlackElo "1727"]
[PlyCount "103"]
[GameId "2151389400442620"]
[EventDate "2025.01.17"]
[EventType "swiss"]
[EventRounds "5"]
[EventCountry "WLS"]

1. e4 c5 2. Nf3 Nc6 3. d4 cxd4 4. Nxd4 e5 5. Nf3 Nf6 6. Bd3 d5 7. exd5 Nxd5 8. O-O Be7 9. Bd2 O-O 10. Nc3 Nxc3 11. Bxc3 Bf6 12. Re1 Re8 13. Nxe5 Nxe5 14. Bxe5 Bxe5 15. Rxe5 Be6 16. Re2 Qh4 17. b3 Rad8 18. Qe1 Bd7 19. Rd1 h6 20. h3 Qf6 21. Qd2 Bc6 22. Ree1 Qb2 23. a4 a6 24. Qf4 Qc3 25. Re3 Rxe3 26. Qxe3 Qf6 27. Re1 Kf8 28. Qc5+ Qd6 29. Qxd6+ Rxd6 30. Kf1 Rd4 31. g3 Rd6 32. Re3 Rd7 33. Ke2 Bg2 34. h4 Bh3 35. Kf3 Be6 36. Ke2 Bg4+ 37. f3 Be6 38. f4 Bg4+ 39. Kf2 Rc7 40. c4 Rd7 41. b4 Bd1 42. a5 Ba4 43. b5 axb5 44. cxb5 Rd5 45. a6 bxa6 46. bxa6 Ra5 47. Ke2 Bc6 48. Kd2 Bd7 49. Kc3 Bc8 50. Kb4 Ra1 51. Bb5 Rb1+ 52. Ka5 1-0

[Event "S Wales Winter, Major"]
[Site "Bridgend"]
[Date "2025.01.19"]
[Round "5"]
[Board "12"]
[White "Williams, Stephen"]
[Black "Phillips, Joshua"]
[Result "1-0"]
[WhiteElo "1666"]
[BlackElo "1310"]
[PlyCount "105"]
[GameId "2151725780357224"]
[EventDate "2025.01.17"]
[EventType "swiss"]
[EventRounds "5"]
[EventCountry "WLS"]

1. e4 e5 2. Nf3 Nc6 3. d4 exd4 4. Nxd4 Bc5 5. Nb3 Bb6 6. Nc3 Qf6 7. Qe2 Nge7 8. f3 O-O 9. Be3 Nd4 10. Nxd4 Bxd4 11. Bxd4 Qxd4 12. Qd3 Nc6 13. O-O-O Qxd3 14. Bxd3 Ne5 15. Nd5 Nxd3+ 16. Rxd3 f5 17. exf5 c6 18. Ne7+ Kh8 19. Nxc8 Raxc8 20. Rxd7 Rxf5 21. Rxb7 Re8 22. Rd1 h5 23. Rxa7 Re2 24. Rg1 h4 25. Ra4 g5 26. h3 c5 27. Rc4 Rd5 28. a4 Rf2 29. a5 Re2 30. a6 Re6 31. Rd1 Rxd1+ 32. Kxd1 Rxa6 33. Rxc5 Ra1+ 34. Kd2 Kg7 35. Rxg5+ Kf6 36. Rg4 Rg1 37. c4 Ke6 38. b4 Kd6 39. Rg6+ Ke5 40. b5 Rb1 41. Kc3 Kf5 42. Rd6 Ke5 43. Rd2 Kf4 44. Rb2 Re1 45. b6 Re3+ 46. Kd4 Re8 47. b7 Rd8+ 48. Kc5 Rb8 49. Kd6 Kg3 50. c5 Rxb7 51. Rxb7 Kxg2 52. Rh7 Kxh3 53. c6 1-0

[Event "S Wales Winter, Major"]
[Site "Bridgend"]
[Date "2025.01.19"]
[Round "5"]
[Board "13"]
[White "Keable, stephen"]
[Black "Ramzan, Timur"]
[Result "0-1"]
[WhiteElo "1461"]
[BlackElo "1624"]
[PlyCount "72"]
[GameId "2151417810260186"]
[EventDate "2025.01.17"]
[EventType "swiss"]
[EventRounds "5"]
[EventCountry "WLS"]

1. d4 Nf6 2. c4 e5 3. dxe5 Ng4 4. Bf4 Nc6 5. Nf3 Bb4+ 6. Nc3 Qe7 7. e4 Ngxe5 8. Nxe5 Nxe5 9. Be2 Bxc3+ 10. bxc3 d6 11. h3 Ng6 12. Bg3 Qxe4 13. O-O O-O 14. f3 Qe3+ 15. Bf2 Qxc3 16. Bd4 Qa5 17. Qc2 Qg5 18. g4 Nf4 19. Kh2 Nxe2 20. Qxe2 Qf4+ 21. Kh1 Qxd4 22. Rae1 Be6 23. Rc1 Rfe8 24. Rfe1 Bd7 25. Qc2 Rxe1+ 26. Rxe1 Re8 27. Rxe8+ Bxe8 28. Qf5 Qxc4 29. Qc8 Qc6 30. Kg2 g6 31. Kg3 d5 32. Qa8 a6 33. Qa7 Qd6+ 34. Kh4 Bc6 35. Kg5 f6+ 36. Kh6 Qf8# 0-1

[Event "S Wales Winter, Major"]
[Site "Bridgend"]
[Date "2025.01.19"]
[Round "5"]
[Board "14"]
[White "Burton, Henry"]
[Black "Belochkin, David"]
[Result "0-1"]
[WhiteElo "1386"]
[BlackElo "1523"]
[PlyCount "86"]
[GameId "2151418851377388"]
[EventDate "2025.01.17"]
[EventType "swiss"]
[EventRounds "5"]
[EventCountry "WLS"]

1. d4 d5 2. Nf3 Nf6 3. Nc3 Bf5 4. Bf4 e6 5. a3 Bd6 6. Bg5 h6 7. Bh4 c6 8. e3 Nbd7 9. Be2 Qc7 10. O-O O-O-O 11. Qd2 g5 12. Bg3 Bxg3 13. fxg3 Rdg8 14. Rad1 h5 15. Rfe1 h4 16. gxh4 gxh4 17. Bf1 Ng4 18. e4 dxe4 19. Nxe4 Bxe4 20. Rxe4 Ndf6 21. Ree1 Nd5 22. h3 Ngf6 23. c4 Nf4 24. Ne5 Nxh3+ 25. Kh1 Ng5 26. d5 Nfe4 27. Qf4 f6 28. Rxe4 Nxe4 29. Qxe4 Qxe5 30. Qc2 exd5 31. cxd5 Kc7 32. Bc4 Rg5 33. d6+ Kd7 34. Qb3 b6 35. Bf1 h3 36. Qf7+ Kd8 37. Qc7+ Ke8 38. Qc8+ Kf7 39. Qxh8 hxg2+ 40. Kg1 Qe3+ 41. Kh2 g1=B+ (41... g1=Q#) 42. Kh1 Qf3+ 43. Bg2 Qxg2# 0-1

[Event "S Wales Winter, Major"]
[Site "Bridgend"]
[Date "2025.01.19"]
[Round "5"]
[Board "15"]
[White "Chaure-Larsen, Daniel"]
[Black "Murthy, Arush"]
[Result "0-1"]
[WhiteElo "1430"]
[BlackElo "1577"]
[PlyCount "166"]
[GameId "2151420302274834"]
[EventDate "2025.01.17"]
[EventType "swiss"]
[EventRounds "5"]
[EventCountry "WLS"]

1. d4 Nf6 2. c4 g6 3. Nc3 d5 4. Bf4 a6 5. e3 Bg7 6. Nf3 O-O 7. Be2 dxc4 8. Bxc4 b5 9. Be2 Nbd7 10. Rc1 Nh5 11. Bg3 Nxg3 12. hxg3 Bb7 13. Qd3 Rc8 14. b4 e6 15. e4 Qe7 16. a3 Rfd8 17. Nd1 c5 18. d5 exd5 19. exd5 Qd6 20. Ne3 cxb4 21. Rxc8 Rxc8 22. axb4 Qxb4+ 23. Nd2 Rc1+ 24. Bd1 Nc5 25. Qe2 Nb3 26. Nef1 Nxd2 27. Nxd2 Bxd5 28. Rh4 Qd6 29. Qe8+ Qf8 30. Qxf8+ Bxf8 31. Rd4 Be6 32. Ke2 Rc8 33. Ne4 Bg7 34. Rd6 b4 35. Rb6 b3 36. Bxb3 Bxb3 37. Rxb3 a5 38. Ra3 Ra8 39. Ra4 Bf8 40. Nd2 Bb4 41. Nc4 Re8+ 42. Kf3 Ra8 43. Ke4 Kg7 44. Ke5 Be1 45. Kf4 Bxf2 46. Rxa5 Rc8 47. Ne5 Bb6 48. Rb5 Bc7 49. Kf3 Bxe5 50. Rxe5 Rc4 51. Re8 h6 52. g4 Kf6 53. Rh8 Kg5 54. Rf8 Rf4+ 55. Kg3 Rxg4+ 56. Kf3 f5 57. g3 Rb4 58. Ra8 Rb3+ 59. Kg2 Rb4 60. Kf3 h5 61. Ra5 h4 62. gxh4+ Kxh4 63. Ra6 Kg5 64. Ra3 Rh4 65. Kg3 f4+ 66. Kg2 Kg4 67. Rb3 Rh5 68. Rb6 g5 69. Rb3 Rh6 70. Rf3 Rh2+ 71. Kg1 Kxf3 72. Kxh2 Ke2 73. Kh3 f3 74. Kg4 f2 75. Kxg5 f1=Q 76. Kg6 Qf4 77. Kg7 Qf5 78. Kh8 Qg5 79. Kh7 Ke3 80. Kh8 Ke4 81. Kh7 Kf5 82. Kh8 Kf6 83. Kh7 Qg7# 0-1

[Event "S Wales Winter, Major"]
[Site "Bridgend"]
[Date "2025.01.19"]
[Round "5"]
[Board "16"]
[White "Larg, Richard"]
[Black "Blankley, Toby"]
[Result "1/2-1/2"]
[WhiteElo "1412"]
[BlackElo "1456"]
[PlyCount "223"]
[GameId "2151422249304353"]
[EventDate "2025.01.17"]
[EventType "swiss"]
[EventRounds "5"]
[EventCountry "WLS"]

1. d4 Nf6 2. c4 e6 3. Nc3 Bb4 4. e3 b6 5. Be2 Bb7 6. Bf3 Ne4 7. Bd2 Bxc3 8. Bxc3 O-O 9. Qd3 f5 10. Ne2 Na6 11. O-O c5 12. Ng3 d5 13. Qe2 Nc7 14. Rfc1 Rc8 15. b3 Qe7 16. Qb2 Ne8 17. b4 Nxc3 18. Qxc3 cxb4 19. Qd2 Nf6 20. Rab1 a5 21. cxd5 Bxd5 22. Bxd5 Nxd5 23. Ne2 Qd7 24. Kf1 Qb5 25. Ke1 a4 26. h3 Rxc1+ 27. Qxc1 Qd7 28. Rb2 b3 29. axb3 Nb4 30. Qc4 a3 31. Rb1 Qd6 32. f4 Nd5 33. Kf2 Ra8 34. Nc3 Nxc3 35. Qxc3 a2 36. Ra1 Qa3 37. Kf3 b5 38. g3 b4 39. Qc2 h6 40. h4 Kf8 41. g4 fxg4+ 42. Kxg4 Qa7 43. Qc5+ Qxc5 44. dxc5 Ke7 45. Kh5 Kf6 46. e4 Ra5 47. Kg4 Kg6 48. h5+ Kf6 49. e5+ Kf7 50. Kf3 Rxc5 51. Rxa2 Rc3+ 52. Kg4 Rxb3 53. Ra7+ Kg8 54. f5 exf5+ 55. Kxf5 Ra3 56. Rb7 Rb3 57. Rb8+ Kf7 58. Rb7+ Ke8 59. Rxg7 Ra3 60. Rb7 b3 61. Kg6 Ra6+ {(=)} 62. Kh7 Re6 63. Rxb3 Rxe5 64. Kxh6 Re6+ 65. Kg7 Re7+ 66. Kg8 Re5 67. Rb8+ Ke7 68. h6 Rg5+ 69. Kh7 Kf7 70. Rb7+ Kf8 71. Rg7 Rh5 72. Ra7 Rh4 73. Ra8+ Kf7 74. Ra7+ Kf6 75. Ra6+ Kf7 76. Rb6 Rh3 77. Rb1 Rh4 78. Rf1+ Ke6 79. Kg7 Rg4+ 80. Kh7 Rh4 81. Rf2 Rh3 82. Rg2 Kf7 83. Rg7+ Kf8 84. Ra7 Rh4 85. Rb7 Rh3 86. Rb6 Rh4 87. Kh8 Rg4 88. Rb8+ Kf7 89. Rb7+ Kf8 90. Rg7 Rh4 91. Rg8+ Kf7 92. h7 Rh3 93. Rg7+ Kf8 94. Ra7 Rg3 95. Ra8+ Kf7 96. Rg8 Rh3 97. Rg1 Ra3 98. Rf1+ Kg6 99. Rg1+ Kf7 100. Rg2 Ra8+ 101. Rg8 Ra3 102. Rg7+ Kf8 103. Rc7 Rg3 104. Rc8+ Kf7 105. Rc7+ Kf8 106. Rc8+ Kf7 107. Rg8 Rh3 108. Rg7+ Kf8 109. Rg8+ Kf7 110. Rd8 Rg3 111. Rd7+ Kf8 112. Rd8+ 1/2-1/2

[Event "S Wales Winter, Major"]
[Site "Bridgend"]
[Date "2025.01.19"]
[Round "5"]
[Board "17"]
[White "Hurn, Robert Aj"]
[Black "Hill, Glyn"]
[Result "1/2-1/2"]
[WhiteElo "1682"]
[BlackElo "1431"]
[PlyCount "37"]
[GameId "2151424722891056"]
[EventDate "2025.01.17"]
[EventType "swiss"]
[EventRounds "5"]
[EventCountry "WLS"]

1. d4 d5 2. c4 e6 3. Nc3 a6 4. Nf3 dxc4 5. e4 b5 6. a4 c6 7. axb5 cxb5 8. Nxb5 Bb7 9. Nc3 Bb4 10. Qc2 Nf6 11. Bg5 Bxe4 12. Bxf6 Qd5 13. Qa4+ Nc6 14. Bxg7 Rg8 15. Be5 Bxf3 16. gxf3 Qxf3 17. d5 Qxd5 18. Rd1 Qxh1 19. Bg3 1/2-1/2

[Event "S Wales Winter, Major"]
[Site "Bridgend"]
[Date "2025.01.19"]
[Round "5"]
[Board "18"]
[White "Morris, Adam"]
[Black "Wright, Randall"]
[Result "1-0"]
[WhiteElo "1346"]
[BlackElo "1535"]
[PlyCount "29"]
[GameId "2151425387888961"]
[EventDate "2025.01.17"]
[EventType "swiss"]
[EventRounds "5"]
[EventCountry "WLS"]

1. e4 c5 2. b3 Nc6 3. Bb2 e5 4. Bc4 g6 5. f4 Bg7 6. Nf3 d6 7. O-O Nd4 8. fxe5 dxe5 9. Nxd4 cxd4 10. Bxf7+ Ke7 11. Bxg8 Rxg8 12. Qf3 Rf8 13. Ba3+ Ke8 14. Bxf8 Bxf8 15. Qxf8+ 1-0

[Event "S Wales Winter, Major"]
[Site "Bridgend"]
[Date "2025.01.19"]
[Round "5"]
[Board "20"]
[White "Hanczar, Mabon"]
[Black "Williams, James L"]
[Result "0-1"]
[WhiteElo "1310"]
[BlackElo "1655"]
[PlyCount "62"]
[GameId "2151427529689880"]
[EventDate "2025.01.17"]
[EventType "swiss"]
[EventRounds "5"]
[EventCountry "WLS"]

{[%evp 0,36,11,23,9,17,18,22,20,-5,29,43,31,25,29,15,31,-47,-22,-30,-19,-49,-70,-71,-62,-81,-81,-93,-86,-112,-169,-122,-153,-136,-160,-281,-63,-497,-608]} 1. d4 d5 2. c4 c6 3. Nc3 Nf6 4. Bf4 Bf5 5. Nf3 Nbd7 6. e3 e6 7. c5 Be7 8. g3 O-O 9. Bg2 Nh5 10. Bd6 Bxd6 11. cxd6 Qb8 12. Nh4 Nhf6 13. Nxf5 exf5 14. O-O Qxd6 15. Qd3 Ne4 16. Bh3 g6 17. g4 fxg4 18. Nxe4 dxe4 19. Qa3 Qxa3 20. bxa3 gxh3 21. Rab1 Rab8 22. Rb2 Rfd8 23. Rfb1 b6 24. a4 c5 25. Rd1 cxd4 26. Rxd4 Ne5 27. Rxd8+ Rxd8 28. f3 exf3 29. Rb4 Rd1+ 30. Kf2 Nd3+ 31. Kg3 Nxb4 0-1

[Event "S Wales Winter, Major"]
[Site "Bridgend"]
[Date "2025.01.19"]
[Round "5"]
[Board "21"]
[White "Thompson, Chris"]
[Black "Phillips, Antony"]
[Result "1/2-1/2"]
[WhiteElo "1563"]
[BlackElo "1310"]
[PlyCount "129"]
[GameId "2151725780373617"]
[EventDate "2025.01.17"]
[EventType "swiss"]
[EventRounds "5"]
[EventCountry "WLS"]

1. d4 d5 2. Bf4 Nc6 3. e3 Bf5 4. Nf3 e6 5. c3 Nf6 6. Nbd2 Be7 7. Nh4 Bg4 8. f3 Bh5 9. g4 Bg6 10. Nxg6 hxg6 11. Bd3 Bd6 12. Bxd6 Qxd6 13. h3 Qg3+ 14. Ke2 Qg2+ 15. Ke1 Qxh1+ 16. Bf1 Rxh3 17. Ke2 Qh2+ 18. Kd3 Rh8 19. Qb3 Na5 20. Qb5+ Nd7 21. Qxa5 Qd6 22. Qb4 Qa6+ 23. c4 Rh1 24. Kc2 O-O-O 25. cxd5 Qb6 26. Qxb6 Nxb6 27. dxe6 fxe6 28. Rd1 Nd5 29. Kd3 Rd6 30. a3 Rb6 31. Nc4 Rc6 32. Ne5 Rb6 33. Nc4 Rb5 34. e4 Nb6 35. Kc3 Na4+ 36. Kc2 Rh2+ 37. Kc1 Nxb2 38. Nd6+ cxd6 39. Bxb5 Nxd1 40. Kxd1 Rf2 41. Be2 Kc7 42. Kd2 Kb6 43. Ke3 Rh2 44. a4 Ka5 45. Bb5 a6 46. Bd7 b5 47. axb5 axb5 48. Bxe6 Rc2 49. Kd3 Rc7 50. e5 dxe5 51. d5 Re7 52. Ke4 b4 53. Kxe5 Rb7 54. d6 Rb8 55. Bb3 Re8+ 56. Kd5 Kb6 57. d7 Rd8 58. Kd6 g5 59. Ke7 Kc7 60. Ba4 b3 61. Bxb3 Rxd7+ 62. Ke6 Rd6+ 63. Kf5 Rd3 64. Be6 Rxf3+ 65. Kxg5 1/2-1/2

[Event "S Wales Winter, Major"]
[Site "Bridgend"]
[Date "2025.01.19"]
[Round "5"]
[Board "22"]
[White "Holland, Wayne"]
[Black "Stannard, Mike"]
[Result "0-1"]
[WhiteElo "1513"]
[BlackElo "1526"]
[PlyCount "34"]
[GameId "2151464922796231"]
[EventDate "2025.01.17"]
[EventType "swiss"]
[EventRounds "5"]
[EventCountry "WLS"]

1. e4 c6 2. d4 d5 3. e5 c5 4. Nf3 Nc6 5. Bb5 Qa5+ 6. Nc3 a6 7. Bxc6+ bxc6 8. Bd2 Qd8 9. dxc5 Bg4 10. O-O e6 11. Qe2 Bxc5 12. Na4 Ba7 13. Qd3 Qb8 14. Bc3 Ne7 15. h3 Bh5 16. a3 O-O 17. Bb4 Re8 {scoresheets incomplete, black won} 0-1